00809nam a2200241 a 450000100060000000300080000600500170001400800410003102000250007203500200009704000270011704100080014408200220015210000180017424501310019225000120032326000480033530000370038350400660042065000280048670000250051470000280053958055BD-RjUL20211209080601.0161215s2011 nyuab b 001 0 eng  a9780199569090 (pbk.) a(BD-RjUL) 58179 aDLCcDLCdBD-RjULbeng aeng 223a327bBAG 20111 aBaylis, John 14aThe globalization of world politics :ban introduction to international relations /cJohn Baylis, Steve Smith, Patricia Owens. a5th ed. aNew York :bOxford University Press,c2011. axxxvii, 636 p. :bill. ;c27 cm. aIncludes bibliographical references (p. [579]-599) and index. 0aInternational relations1 aSmith, Steve,d1952-1 aOwens, Patricia,d1975-